L'industrie des cuirs et peaux et de la chaussure dans les pays de l'OCDE

שמור ב:
מידע ביבליוגרפי
מחבר תאגידי: Organisation de Coopération et de Dévéloppement Économiques
פורמט: ספר
שפה:Undetermined
יצא לאור: Paris Organisation de Coopération et de Dévéloppement Économiques 1969
נושאים:
תגים: הוספת תג
אין תגיות, היה/י הראשונ/ה לתייג את הרשומה!
Thư viện lưu trữ: Trung tâm Học liệu Trường Đại học Cần Thơ
LEADER 00673nam a2200181Ia 4500
001 CTU_78475
008 210402s9999 xx 000 0 und d
082 |a 338.4 
082 |b O.68 
110 |a Organisation de Coopération et de Dévéloppement Économiques 
245 0 |a L'industrie des cuirs et peaux et de la chaussure dans les pays de l'OCDE 
245 0 |c Organisation de Coopération et de Dévéloppement Économiques 
260 |a Paris 
260 |b Organisation de Coopération et de Dévéloppement Économiques 
260 |c 1969 
650 |a Footwear industry 
650 |x Management 
980 |a Trung tâm Học liệu Trường Đại học Cần Thơ